[Event "05 MATCH CAL ESP 01"]
[Site "http://www.queenalice.com/game.php?id=71600"]
[Date "2006.5.25"]
[Round "-"]
[White "Alarasu"]
[Black "esepedazodefary"]
[Result "1/2-1/2"]
[WhiteElo "2069"]
[BlackElo "2118"]

1. e4 c6 2. d4 d5 3. Nd2 dxe4 4. Nxe4 Nd7 5. Nf3 Ngf6 6. Ng3 e6 7. Bd3 c5 8. O-O
cxd4 9. Nxd4 Bc5 10. Nf3 O-O 11. Qe2 b6 12. Bf4 Bb7 13. Rad1 Nd5 14. Bg5 Qc7 15.
Nh5 Bd6 16. c4 N5f6 17. Bxf6 Nxf6 18. Nxf6+ gxf6 19. Be4 Bxe4 20. Qxe4 Rad8 21.
b3 Bc5 22. Qg4+ Kh8 23. Qh4 Be7 24. a4 Qc5 25. Qe4 Qh5 26. Rxd8 Rxd8 27. Qb7 Qc5
28. Qxa7 Rd3 29. Rb1 Kg7 30. Qb7 Qf5 31. Rf1 Qc5 1/2-1/2

[Event "AUTO-MASTER-56"]
[Site "http://www.queenalice.com/game.php?id=73598"]
[Date "2006.6.1"]
[Round "2"]
[White "salso"]
[Black "esepedazodefary"]
[Result "0-1"]
[WhiteElo "2000"]
[BlackElo "2103"]

1. d4 Nf6 2. Nf3 g6 3. Bf4 Bg7 4. Nc3 d5 5. Nb5 Na6 6. e3 c6 7. Na3 Qb6 8. Rb1
O-O 9. Bd3 Nh5 10. c3 Nxf4 11. exf4 c5 12. O-O cxd4 13. cxd4 Nb4 14. Be2 Bf5 15.
Rc1 Nxa2 16. Qd2 Nxc1 17. Rxc1 Rac8 18. Ne5 Rxc1+ 19. Qxc1 Qxd4 20. Nb5 Qb4 21.
h3 Rc8 22. Qe3 Qxb2 23. Nd4 Rc3 24. Nd3 Bxd3 25. Bxd3 Bxd4 0-1

[Event "AUTO-MASTER-56"]
[Site "http://www.queenalice.com/game.php?id=73599"]
[Date "2006.6.1"]
[Round "2"]
[White "esepedazodefary"]
[Black "salso"]
[Result "1-0"]
[WhiteElo "2091"]
[BlackElo "2023"]

1. e4 e6 2. d4 d5 3. Nc3 Nf6 4. Bg5 Be7 5. e5 Nfd7 6. Bxe7 Qxe7 7. f4 a6 8. Nf3
c5 9. dxc5 Qxc5 10. Qd2 b5 11. Bd3 Nc6 12. O-O-O Nb4 13. f5 Nxd3+ 14. Qxd3 Nb6
15. f6 g6 16. Ne4 Qb4 17. Nd6+ Kf8 18. Qe3 h6 19. Qxb6 Bd7 20. Rd4 1-0

[Event "AUTO-MASTER-94"]
[Site "http://www.queenalice.com/game.php?id=83376"]
[Date "2006.7.7"]
[Round "2"]
[White "esepedazodefary"]
[Black "jsm"]
[Result "1-0"]
[WhiteElo "2117"]
[BlackElo "1984"]

1. e4 c5 2. Nf3 Nc6 3. d4 cxd4 4. Nxd4 e5 5. Nb5 d6 6. N1c3 Nf6 7. Bg5 Be7 8.
Bxf6 gxf6 9. Nd5 Qa5+ 10. c3 Be6 11. Nbc7+ Kd7 12. Nxa8 Rxa8 13. Bc4 b5 14. b4
Qa6 15. Bb3 Rg8 16. a4 Rxg2 17. axb5 Qxb5 18. Rxa7+ Kd8 19. Ra8+ Kd7 20. Ba4 Qb7
21. Qa1 Bd8 22. Ra7 Qxa7 23. Bxc6+ Kxc6 24. Qxa7 Rg4 25. b5+ Kxb5 26. Kd2 Bxd5
27. Rb1+ Kc6 28. Qb7+ 1-0

[Event "AUTO-MASTER-94"]
[Site "http://www.queenalice.com/game.php?id=83377"]
[Date "2006.7.7"]
[Round "2"]
[White "jsm"]
[Black "esepedazodefary"]
[Result "0-1"]
[WhiteElo "1932"]
[BlackElo "2125"]

1. Nf3 Nf6 2. g3 g6 3. Bg2 Bg7 4. O-O O-O 5. c3 c6 6. d3 d5 7. Re1 Nbd7 8. Nbd2
e5 9. e4 Re8 10. h3 dxe4 11. Nxe4 Nxe4 12. dxe4 Nc5 13. Qc2 Qd3 14. Qxd3 Nxd3
15. Rd1 Nxc1 16. Raxc1 Be6 17. b3 Rad8 18. Kf1 f6 19. Ke2 Kf7 20. Rxd8 Rxd8 21.
Rd1 Rxd1 22. Kxd1 Ke7 23. Kc2 Kd7 24. Kd3 b5 25. Nd2 Bf8 26. f4 Bd6 27. fxe5
Bxe5 28. g4 Bf4 29. Bf3 c5 30. Nb1 Kd6 31. Na3 a6 32. c4 Bc1 33. Nc2 Ke5 34.
cxb5 axb5 35. Ne1 c4+ 36. Kc2 Be3 37. Ng2 Bc5 38. Kc3 b4+ 39. Kc2 c3 40. h4 Bf2
41. Kd3 Bd7 42. Kc2 Bc6 43. Kd3 f5 44. gxf5 gxf5 45. Bd1 Bb5+ 46. Kc2 fxe4 47.
h5 Bf1 48. Ne1 Bxe1 49. h6 Bd3+ 0-1

[Event "Match Brasil-España, partida 3"]
[Site "http://www.queenalice.com/game.php?id=105250"]
[Date "2006.9.12"]
[Round "-"]
[White "esepedazodefary"]
[Black "Lukius"]
[Result "1/2-1/2"]
[WhiteElo "2131"]
[BlackElo "2229"]

1. e4 c5 2. Nf3 d6 3. d4 cxd4 4. Nxd4 Nf6 5. Nc3 a6 6. Bc4 e6 7. Bb3 Nbd7 8. f4
Nc5 9. f5 Be7 10. Qf3 O-O 11. Be3 e5 12. Nde2 b5 13. Bd5 Rb8 14. a3 Bd7 15. O-O
Na4 16. Nxa4 bxa4 17. Rab1 Nxd5 18. exd5 Qc7 19. Nc3 Qc4 20. h3 f6 21. Kh2 Rb7
22. Qg3 Rfb8 23. Bc1 Kh8 24. Rf3 Bd8 25. Qg4 Qc8 26. Bh6 g6 27. Rbf1 Bxf5 28.
Rxf5 gxf5 29. Rxf5 Rf7 30. Ne4 Qd7 31. Qf3 Rb7 32. Qf2 Qc7 33. Qf1 Qd7 1/2-1/2

[Event "Capablanca - Fischer. Board 7"]
[Site "http://www.queenalice.com/game.php?id=111183"]
[Date "2006.9.29"]
[Round "-"]
[White "robelix"]
[Black "esepedazodefary"]
[Result "1/2-1/2"]
[WhiteElo "1975"]
[BlackElo "2134"]

1. d4 d5 2. c4 e6 3. Nc3 c5 4. cxd5 cxd4 5. Qa4+ Bd7 6. Qxd4 exd5 7. Qxd5 Nc6 8.
Nf3 Nf6 9. Qd1 Bc5 10. e3 Qe7 11. Be2 O-O-O 12. O-O g5 13. b4 Bxb4 14. Bb2 g4
15. Nd4 Rhg8 16. Ncb5 Kb8 17. Qa4 a6 18. Nxc6+ Bxc6 19. Bxf6 Qe4 20. Be5+ Ka8
21. Nc7+ Ka7 1/2-1/2

[Event "Fischer vs. Lasker, Board 7"]
[Site "http://www.queenalice.com/game.php?id=115449"]
[Date "2006.10.10"]
[Round "-"]
[White "esepedazodefary"]
[Black "modestyblase"]
[Result "1/2-1/2"]
[WhiteElo "2124"]
[BlackElo "2177"]

1. e4 c5 2. Nf3 e6 3. d4 cxd4 4. Nxd4 Nf6 5. Nc3 d6 6. Bc4 a6 7. Bb3 b5 8. O-O
b4 9. Nb1 Nxe4 10. Qf3 Bb7 11. Re1 d5 12. Nd2 Nc5 13. Qh5 g6 14. Qe5 f6 15. Qf4
Bd6 16. Qf3 Kf7 17. a3 bxa3 18. Rxa3 Nbd7 19. Ba2 Qb6 20. Rae3 Rae8 21. Qe2 Bf4
22. Rh3 h5 23. N4b3 Bd6 24. Nxc5 Nxc5 25. Nb3 Nxb3 26. Bxb3 Bc6 27. Be3 Qb7 28.
Ra1 Kg7 29. f4 e5 30. fxe5 Bxe5 31. Qxa6 Re7 32. Qxb7 Rxb7 33. Rd1 Bd7 34. Rh4
g5 35. Bxd5 Rxb2 36. Rc4 Bf5 37. Rc1 Rd8 38. Be4 Bxe4 39. Rxe4 Kg6 40. h4 g4 41.
Bf4 Kf5 42. Bxe5 fxe5 43. Re2 g3 44. Rf1+ Ke6 45. Re3 Rg8 46. Rfe1 Rb5 47. Ra1
Rg4 48. Ra6+ Kf5 49. Rf3+ Rf4 50. Rxg3 Rb1+ 51. Kh2 Rxh4+ 52. Rh3 Rxh3+ 53. Kxh3
Rc1 54. Rh6 Kf4 55. g3+ Kf3 56. Rf6+ Ke3 57. Kh4 Rh1+ 58. Kg5 e4 59. c4 Kd3 60.
Rd6+ Ke2 61. c5 e3 62. c6 Rc1 63. g4 hxg4 64. Kxg4 Kf2 65. Rf6+ Kg2 66. Re6 Rc4+
67. Kf5 Kf3 68. Ke5 Re4+ 69. Kd5 Rxe6 70. Kxe6 e2 71. c7 e1=Q+ 72. Kd7 1/2-1/2

[Event "Gratia"]
[Site "http://www.queenalice.com/game.php?id=117517"]
[Date "2006.10.16"]
[Round "-"]
[White "bonfim"]
[Black "esepedazodefary"]
[Result "0-1"]
[WhiteElo "1431"]
[BlackElo "2129"]

1. e4 c5 2. c4 Nc6 3. Nc3 g6 4. Nf3 Bg7 5. Qc2 d6 6. Be2 Nf6 7. d3 O-O 8. Bf4 a6
9. a4 Nd7 10. O-O Nde5 11. Nxe5 Nd4 12. Qd1 dxe5 13. Be3 Bd7 14. Bxd4 exd4 15.
Nd5 e6 16. Nf4 Qc7 17. g3 Bh6 18. Nh3 e5 19. g4 Qd8 20. Bf3 Qh4 21. Kg2 b5 22.
cxb5 axb5 23. a5 c4 24. a6 c3 25. bxc3 dxc3 26. Qc2 Bxg4 27. Bxg4 Qxg4+ 28. Kh1
Qf3+ 29. Kg1 Qxh3 30. f3 Be3+ 31. Kh1 Rxa6 32. Qe2 Rxa1 33. Rxa1 Bf4 34. Qg2
Qxg2+ 35. Kxg2 c2 36. d4 exd4 37. Kh3 d3 38. Kg4 Be5 39. Rc1 d2 40. Ra1 c1=Q 41.
Rxc1 dxc1=Q 42. h4 Qf4+ 43. Kh3 Qg3# 0-1

[Event "LIGA 2006"]
[Site "http://www.queenalice.com/game.php?id=133134"]
[Date "2006.11.24"]
[Round "1"]
[White "merlos"]
[Black "esepedazodefary"]
[Result "0-1"]
[WhiteElo "1877"]
[BlackElo "2119"]

1. d4 Nf6 2. c4 e6 3. Nf3 Bb4+ 4. Bd2 Qe7 5. g3 Nc6 6. Bg2 Bxd2+ 7. Nbxd2 d6 8.
O-O O-O 9. e4 e5 10. d5 Nb8 11. Ne1 a5 12. Nd3 Na6 13. a3 Bd7 14. b3 Nc5 15.
Nxc5 dxc5 16. a4 Rad8 17. Qe1 c6 18. Qe3 b6 19. f4 exf4 20. Qxf4 Ng4 21. Rae1
Ne5 22. Qe3 Qd6 23. Nf3 Rfe8 24. Qd2 f6 25. Nh4 b5 26. Qxa5 bxc4 27. bxc4 Ra8
28. Qc3 Rxa4 29. Nf5 Qc7 30. d6 Qd8 31. Rd1 Rxc4 32. Qb3 Kh8 33. Ne3 Rb4 34. Qc3
Qb6 35. Kh1 Rb3 36. Qc1 Qb4 37. Nf5 c4 38. Qf4 Nd3 39. Qd2 Qxd2 40. Rxd2 Kg8 41.
h4 Ne5 42. Nd4 Rxg3 43. Kh2 Rd3 44. Rff2 Ng4+ 0-1

[Event "Spain!"]
[Site "http://www.queenalice.com/game.php?id=160268"]
[Date "2007.1.28"]
[Round "-"]
[White "bonfim"]
[Black "esepedazodefary"]
[Result "0-1"]
[WhiteElo "1540"]
[BlackElo "2118"]

1. e4 e5 2. Nf3 Nc6 3. Nc3 Nf6 4. Bc4 Bc5 5. d3 d6 6. Be3 Bb6 7. Bxb6 axb6 8.
Nh4 O-O 9. h3 Nxe4 10. dxe4 Qxh4 11. Qd3 Be6 12. Bd5 Nb4 13. Qd2 Bxd5 14. Nxd5
Qxe4+ 15. Ne3 f5 16. O-O f4 17. Ng4 Nxc2 18. f3 Qd4+ 19. Qxd4 Nxd4 20. Rac1 Ne2+
21. Kh2 Nxc1 22. Rxc1 Rxa2 23. Rxc7 Rxb2 24. Rxb7 h5 25. Nxe5 dxe5 26. Re7 Rc8
27. Rxe5 Rb1 28. g4 Rc2+ 29. Re2 Rxe2# 0-1

[Event "LIGA 2006"]
[Site "http://www.queenalice.com/game.php?id=243451"]
[Date "2007.7.21"]
[Round "2"]
[White "esepedazodefary"]
[Black "RIVAS"]
[Result "1-0"]
[WhiteElo "2126"]
[BlackElo "1910"]

1. e4 e5 2. Nf3 Nc6 3. Bb5 a6 4. Ba4 b5 5. Bb3 Na5 6. O-O Nxb3 7. axb3 d6 8. d4
Bb7 9. dxe5 dxe5 10. Nxe5 Qxd1 11. Rxd1 Bd6 12. Nd3 O-O-O 13. Nc3 f6 14. Be3 Ne7
15. Nc5 Bxc5 16. Bxc5 Nc6 17. Nd5 Rhe8 18. f3 Ne5 19. Ne7+ Kb8 20. Nf5 g6 21.
Ng7 Rg8 22. Ne6 Rde8 23. Nd4 Nd7 24. b4 Ne5 25. Kf2 Nc6 26. Nxc6+ Bxc6 27. Rxa6
Bb7 28. Rxf6 Rd8 29. Rd3 1-0

[Event "RIVAS"]
[Site "http://www.queenalice.com/game.php?id=276020"]
[Date "2007.9.23"]
[Round "1"]
[White "black_dama"]
[Black "esepedazodefary"]
[Result "1-0"]
[WhiteElo "2013"]
[BlackElo "2095"]

1. e4 c6 2. d4 d5 3. Nc3 dxe4 4. Nxe4 Bf5 5. Ng3 Bg6 6. c3 e6 7. Nf3 Bd6 8. Qb3
Qb6 9. Qxb6 axb6 10. Be2 Nd7 11. O-O Ngf6 12. Re1 O-O 13. Nh4 Bc2 14. Bd2 h6 15.
Nf3 b5 16. Bd1 Bxd1 17. Rexd1 Nb6 18. Ne5 Rfd8 19. h3 Nfd5 20. b3 1-0

[Event "Capablanca VS Fischer"]
[Site "http://www.queenalice.com/game.php?id=317225"]
[Date "2007.12.8"]
[Round "-"]
[White "Miguelname"]
[Black "esepedazodefary"]
[Result "1-0"]
[WhiteElo "2245"]
[BlackElo "2123"]

1. e4 c6 2. d4 d5 3. exd5 cxd5 4. c4 Nf6 5. Nc3 e6 6. Nf3 Be7 7. cxd5 Nxd5 8.
Bc4 O-O 9. O-O Nc6 10. Re1 a6 11. Bb3 Nxc3 12. bxc3 b5 13. Bc2 Bb7 14. h4 Rc8
15. Ng5 g6 16. Nxh7 1-0